Denmark Euro 2024 Squad - Statistics

General Stats
  • This quiz has been taken 14 times
  • The average score is 20 of 26
Answer Stats
Position Club Player % Correct
DF FC Barcelona Andreas Christensen
100%
MF Manchester United Christian Eriksen
100%
FW Manchester United Rasmus Hojlund
100%
DF Eintracht Frankfurt Rasmus Kristensen
100%
DF AC Milan Simon Kjaer
100%
FW RB Leipzig Yussuf Poulsen
100%
DF Fulham Joachim Andersen
93%
GK Celtic Kasper Schmeichel
93%
DF SL Benfica Alexander Bah
86%
FW Club Brugge Andreas Skov Olsen
79%
DF Leicester City Jannik Vestergaard
79%
DF VFL Wolfsburg Joakim Maehle
79%
MF Brentford Mathias Jensen
79%
FW Brentford Mikkel Damsgaard
79%
MF Sporting CP Morten Hjulmand
79%
MF Brentford Christian Norgaard
71%
FW VFL Wolfsburg Jonas Wind
71%
FW RSC Anderlecht Kasper Dolberg
71%
MF Marseille Pierre-Emile Hojbjerg
71%
GK Union Berlin Frederik Ronnow
64%
GK Leicester City Mads Hermansen
64%
MF Copenhagen Thomas Delaney
64%
DF Leicester City Victor Kristiansen
57%
MF RSC Anderlecht Anders Dreyer
50%
DF RSC Anderlecht Mathias Jorgensen
50%
MF TSG Hoffenheim Jacob Bruun Larsen
36%
No matching quizzes found
Score Distribution
Percent of People with Each Score
Percentile by Number Answered
Your Score History
You have not taken this quiz